000
00294nam a2200121Ia 4500
008
190216s9999||||xx |||||||||||||| ||und||
100
_a
"Puri,Sharma,Kalia"
245
0
_a
Principles Of Inorganic Chemistry
260
_b
Milestone
300
_a
1135
650
_a
Chemistry-Chemistry
942
_c
BK
999
_c
3457
_d
3457